| 000 | 00707nam a2200253 i 4500 | ||
|---|---|---|---|
| 003 | DO-SdBNP | ||
| 005 | 20250627132801.0 | ||
| 007 | ta | ||
| 008 | 250627s1997 gt ao 000 0 spa d | ||
| 040 |
_aDO-SdBNP _bspa _cBNPHU _erda |
||
| 041 | _hsp | ||
| 082 |
_axxx _bC569 _222 |
||
| 100 | _984407 | ||
| 245 | 1 | 0 |
_aCiencias naturales 2000 : _b7mo. grado educación básica |
| 264 |
_aSanto Domingo : _bSusaeta Ediciones, _c1997 |
||
| 300 |
_a240 páginas ; _c28 cm. |
||
| 336 |
_2rdacontent _atexto _btxt |
||
| 337 |
_2rdamedia _asin mediación _bn |
||
| 338 |
_2rdacarrier _avolumen _bnc |
||
| 500 | _aNuevo diseño curricular | ||
| 590 | _aInventariado, 2025/ DG | ||
| 910 | _aDG | ||
| 942 |
_2ddc _cLBS1 |
||
| 999 |
_c59392 _d59392 |
||